Sipario (Record no. 2247)

MARC details
000 -LEADER
campo de control de longitud fija 00925nas a2200289 i 4500
001 - NÚMERO DE CONTROL
campo de control 2247
003 - IDENTIFICADOR DE NÚMERO DE CONTROL
campo de control ES-MaACL
005 - FECHA Y HORA DE LA ÚLTIMA TRANSACCIÓN
campo de control 20250824012557.0
007 - CAMPO FIJO DE DESCRIPCIÓN FÍSICA--INFORMACIÓN GENERAL
campo de control de longitud fija t|
008 - DATOS DE LONGITUD FIJA--INFORMACIÓN GENERAL
campo de control de longitud fija 950801c1946 it m|yp n | ||ta d
022 ## - NÚMERO INTERNACIONAL NORMALIZADO PARA PUBLICACIONES SERIADAS
Número Internacional Normalizado para Publicaciones Seriadas 1123-458X
080 ## - NÚMERO DE LA CLASIFICACIÓN DECIMAL UNIVERSAL
Número de la Clasificación Decimal Universal 792
245 00 - MENCIÓN DEL TÍTULO
Título Sipario
Resto del título : rivista di teatro, di cinema e di televisione.
246 3# - FORMA VARIANTE DEL TITULO
Título propio/Titulo breve Sipario
Resto del título : rivista de teatro, scenografia, cinema, balleto, televisione
260 ## - PUBLICACIÓN, DISTRIBUCIÓN, ETC.
Lugar de publicación, distribución, etc. Milano :
Nombre del editor, distribuidor, etc. Ulisse,
Fecha de publicación, distribución, etc. 1946- (
Fabricante S. Pinelli)
300 ## - DESCRIPCIÓN FÍSICA
Extensión 16 v. ;
Dimensiones 28 cm.
310 ## - PERIODICIDAD ACTUAL
Periodicidad actual Mensual
362 0# - FECHAS DE PUBLICACIÓN Y/O DESIGNACIÓN SECUENCIAL
Fecha de publicación y/o designación secuencial Año I (1946)-
594 ## - Nota al título y mención de responsabilidad
Nota al título y mención de responsabilidad Año X (1955): dir., Valentino Bompiani.
596 ## - NOTA AL PIE DE IMPRENTA
NOTA AL PIE DE IMPRENTA Variantes en pie de imprenta: Milano : Bompiani : CAMA.
650 17 - PUNTO DE ACCESO ADICIONAL DE MATERIA--TÉRMINO DE MATERIA
Término de materia o nombre geográfico como elemento de entrada Cine
Fuente del encabezamiento o término embne
9 (RLIN) 11010
650 #7 - PUNTO DE ACCESO ADICIONAL DE MATERIA--TÉRMINO DE MATERIA
Término de materia o nombre geográfico como elemento de entrada Teatro
Fuente del encabezamiento o término embne
9 (RLIN) 17290
700 1# - ENTRADA AGREGADA--NOMBRE PERSONAL
Nombre de persona Bompiani, Valentino.
9 (RLIN) 30037
852 ## - LOCALIZACIÓN
Ubicación ES-MaACL
Número de control de estantería Hem-988
866 #0 - MENCIÓN TEXTUAL DE FONDOS--UNIDAD BIBLIOGRÁFICA BÁSICA
Fondos (1955 f. en.- abril) 1956-63 (1964) 1965-66.
Holdings
Estatus retirado Estado de pérdida Estado de daño No para préstamo Colección Biblioteca de origen Biblioteca actual Ubicación en estantería Fecha de adquisición Fuente de adquisición Total de préstamos Signatura topográfica completa Código de barras Visto por última vez Precio de reemplazo Tipo de ítem Koha
        Periódicos y Revistas Biblioteca del Ateneo de Madrid Biblioteca del Ateneo de Madrid Depósito 1 17/01/2008     Hem-988 1002287 23/02/2023 23/02/2023 Revista